Obras escogidas [de Marx y Engels] /

Guardado en:
Bibliografiske detaljer
Hovedforfatter: Marx, Karl (autor)
Andre forfattere: Engels, Friedrich (autor) (autor)
Format: Bog
Sprog:spansk
Udgivelse:10a edición
Fag:
Tags: Tilføj Tag
Ingen Tags, Vær først til at tagge denne postø!

MARC

LEADER 00000nam^a2200000^a^4500
001 000184480
005 20250521000000.0
009 20260310102116.091
037 |a Acervo ITESO - Biblioteca 
041 |a ESP 
082 |a 146. 32  |b MAR 
100 |a Marx, Karl  |e (autor) 
240 1 1 |a [Obras escogidas de Marx y Engels] 
245 1 0 |a Obras escogidas [de Marx y Engels] /  |c K. Marx, F. Engels. 
250 |a 10a edición 
264 |a Moscú, Rusia :  |b Progreso,  |c 1974 
300 |a 3 v. (616, 537, 613 p.) 
336 |a texto  |b txt  |2 rdacontenido 
337 |a sin mediación  |b n  |2 rdamedio 
338 |a volumen  |b nc  |2 rdasoporte 
649 |a XX 
650 |a Lucha de Clases 
650 |a Ideología 
650 |a Partidos de Izquierda 
650 |a Partidos Políticos 
650 |a Estado, El 
650 |a Economía Política 
650 |a Filosofía Política 
650 |a Materialismo Histórico y Dialéctico 
650 |a Materialismo Histórico y Dialéctico 
650 |a Comunismo 
650 |a Marxismo 
650 |a Filosofía del Siglo XX 
650 |a Francia -  |x Historia -  |y Siglo XIX 
650 |a Alemania -  |x Historia -  |y Siglo XIX 
650 |a Inglaterra -  |x Historia -  |y Siglo XIX 
700 |a Engels, Friedrich  |e (autor) 
910 |a Fondo General 
920 |a Impresos - Libros 
930 |a Colección General 
905 |a 101 
901 |a 0500125318  |b IT1  |c ACC  |u 20250521 
901 |a 0500215601  |b IT1  |c ACC  |u 20250521 
901 |a 0900065571  |b IT1  |c ACC  |u 20250521 
902 |a https://opac.biblio.iteso.mx/vufind/Record/000184480